000 00407cam a2200145ua 4500
003 OSt
008 241223b |||||||| |||| 00| 0 eng d
041 _aeng
082 _a627.01
_bNAI/PL
100 _aNaidu, B S K .
_96524
245 _aPlanning and management of hydropower resourses in India /
260 _aNewdelhi :
_bCentral board of irrigation and power ,
_c1992.
300 _a207 ; .
942 _cBK
999 _c2720
_d2720